[Event "SUI-ch Blitz"]
[Site "Biel"]
[Date "2023.07.29"]
[Round "5"]
[White "Colmenares, Aurelio"]
[Black "Habibi, Ali"]
[Result "1-0"]
[WhiteElo "2333"]
[BlackElo "2171"]
[PlyCount "173"]
[EventDate "2023.07.29"]
[EventType "swiss (blitz)"]
[EventRounds "13"]
[EventCountry "SUI"]
[SourceTitle "CBM 215 Extra"]
[Source "ChessBase"]
[SourceDate "2023.09.30"]
[SourceVersion "1"]
[SourceVersionDate "2023.09.30"]
[SourceQuality "1"]

1. e4 c5 2. Nf3 d6 3. c3 Nf6 4. h3 g6 5. Bd3 Bg7 6. Bc2 0-0 7. d4 cxd4 8. cxd4 Nc6 9. 0-0 a6 10. Nc3 b5 11. Re1 Bb7 12. d5 Na5 13. Nd4 Rc8 14. a3 Nd7 15. Nb3 Nc4 16. Bd3 Nxb2 17. Bxb2 Bxc3 18. Re2 Bxb2 19. Rxb2 Nc5 20. Qd2 Na4 21. Rc2 Rxc2 22. Bxc2 Qc7 23. Na5 Nc5 24. Rb1 Rc8 25. Qb4 Ba8 26. Re1 Nd7 27. Bb3 Qc3 28. Re3 Qxb4 29. axb4 Kg7 30. f4 f6 31. Kf2 h5 32. h4 Nb6 33. g4 hxg4 34. Kg3 Rc1 35. Kxg4 Kf7 36. Kg3 f5 37. exf5 gxf5 38. Nc6 Nc8 39. Nd8+ Ke8 40. Ne6 Kd7 41. h5 Rh1 42. Rc3 Nb6 43. Rc7+ Ke8 44. Ra7 Bxd5 45. Nc7+ Kf8 46. Nxd5 Nxd5 47. Bxd5 Rxh5 48. Rxa6 Rh6 49. Rb6 Rg6+ 50. Kf3 Rh6 51. Rxb5 Rh3+ 52. Kf2 Rh2+ 53. Bg2 Rh4 54. Kg3 Rg4+ 55. Kf3 Kf7 56. Bh3 Rh4 57. Bxf5 e6 58. Bg4 Rh1 59. Rb6 Rb1 60. b5 Rb3+ 61. Kf2 Rb4 62. Kg3 Rb3+ 63. Bf3 d5 64. Rb8 Ke7 65. Kg4 Kd6 66. Bd1 Rb1 67. Be2 Rb2 68. Bd3 Rb3 69. Bf1 Rb1 70. Be2 Rb2 71. Kf3 Rb3+ 72. Kf2 Rb2 73. Rb7 e5 74. Rb6+ Kc5 75. Rc6+ Kd4 76. fxe5 Kxe5 77. Ke3 Rb3+ 78. Kd2 Kd4 79. Rc8 Rb2+ 80. Rc2 Rb4 81. Bd3 Ke5 82. Rc3 Kd6 83. Rc6+ Ke5 84. Kc3 Ra4 85. b6 Ra8 86. b7 Rb8 87. Ba6 1-0

[Event "SUI-ch Blitz"]
[Site "Biel"]
[Date "2023.07.29"]
[Round "4"]
[White "Habibi, Ali"]
[Black "Erne, Raphael"]
[Result "1-0"]
[WhiteElo "2171"]
[BlackElo "2077"]
[PlyCount "97"]
[EventDate "2023.07.29"]
[EventType "swiss (blitz)"]
[EventRounds "13"]
[EventCountry "SUI"]
[SourceTitle "CBM 215 Extra"]
[Source "ChessBase"]
[SourceDate "2023.09.30"]
[SourceVersion "1"]
[SourceVersionDate "2023.09.30"]
[SourceQuality "1"]

1. Nf3 d5 2. g3 c6 3. Bg2 Bg4 4. 0-0 Nd7 5. d3 Ngf6 6. Nbd2 e5 7. e4 dxe4 8. dxe4 Bc5 9. Qe1 0-0 10. h3 Bh5 11. Nh4 Re8 12. Nb3 Bb6 13. Be3 a5 14. a4 Bg6 15. Kh2 Bxe3 16. Qxe3 Qb6 17. Rfe1 Rad8 18. Nxg6 hxg6 19. Qxb6 Nxb6 20. Nxa5 Rd7 21. Re2 Red8 22. b3 Ra8 23. b4 Ra7 24. c3 Rd3 25. Rc2 Ne8 26. Bf1 Rd7 27. Kg2 Nd6 28. f3 f5 29. c4 Nbc8 30. c5 Nf7 31. Bc4 Rd4 32. exf5 gxf5 33. Nb3 Rd8 34. b5 Ne7 35. b6 Raa8 36. a5 Nd5 37. Kf2 Nb4 38. Re2 Rab8 39. Rxe5 g6 40. Re7 Rf8 41. Nd4 Nd5 42. Bxd5 cxd5 43. c6 bxc6 44. Nxc6 Rbc8 45. Nd4 Rc4 46. Rd1 Ra4 47. Nc6 Ra2+ 48. Kg1 Rc8 49. b7 1-0

[Event "Zuoz Engiadina op 26th"]
[Site "Zuoz"]
[Date "2019.10.10"]
[Round "5"]
[White "Arquint, Andri"]
[Black "Habibi, Ali"]
[Result "1/2-1/2"]
[WhiteElo "1994"]
[BlackElo "2195"]
[PlyCount "44"]
[EventDate "2019.10.05"]
[EventType "swiss"]
[EventRounds "7"]
[EventCountry "SUI"]
[SourceTitle "EXT 2020"]
[Source "ChessBase"]
[SourceDate "2019.10.17"]
[SourceVersion "1"]
[SourceVersionDate "2019.10.17"]
[SourceQuality "1"]

1. Nf3 c5 2. g3 b6 3. Bg2 Bb7 4. 0-0 Nf6 5. d3 d5 6. c4 e6 7. Bd2 Bd6 8. cxd5 exd5 9. Nc3 0-0 10. Nh4 Qc8 11. Rc1 Re8 12. Bg5 Nbd7 13. e4 h6 14. Bxf6 Nxf6 15. Re1 dxe4 16. dxe4 Be5 17. Qc2 g6 18. Rcd1 Rb8 19. h3 Qe6 20. Kh2 Qe7 21. f4 Bxc3 22. Qxc3 Nxe4 1/2-1/2

[Event "SUI-chT"]
[Site "Switzerland"]
[Date "2019.09.07"]
[Round "6.2"]
[White "Habibi, Ali"]
[Black "Netzer, Jean"]
[Result "1/2-1/2"]
[WhiteElo "2222"]
[BlackElo "2401"]
[PlyCount "61"]
[EventDate "2019.03.10"]
[EventType "team-tourn"]
[EventRounds "9"]
[EventCountry "SUI"]
[SourceTitle "EXT 2020"]
[Source "ChessBase"]
[SourceDate "2019.10.17"]
[SourceVersion "1"]
[SourceVersionDate "2019.10.17"]
[SourceQuality "1"]
[WhiteTeam "Solothurn"]
[BlackTeam "Nyon"]
[WhiteTeamCountry "SUI"]
[BlackTeamCountry "SUI"]

1. c4 e5 2. g3 Nc6 3. Bg2 Nge7 4. Nc3 g6 5. d3 Bg7 6. e3 d6 7. Nge2 Bg4 8. h3 Be6 9. Nd5 0-0 10. 0-0 Qd7 11. Kh2 Rab8 12. Nec3 Nd8 13. Qa4 Nxd5 14. Qxd7 Bxd7 15. cxd5 b5 16. a3 c5 17. dxc6 Bxc6 18. Nd5 Bxd5 19. Bxd5 Ne6 20. Rd1 Nc5 21. Kg2 Rfc8 22. Rb1 Kf8 23. e4 b4 24. Be3 bxa3 25. bxa3 Bf6 26. Bxc5 dxc5 27. Rdc1 Be7 28. f4 exf4 29. gxf4 Rd8 30. Bc4 Rb6 31. Rxb6 1/2-1/2

[Event "SUI-chT"]
[Site "Switzerland"]
[Date "2019.06.30"]
[Round "5.2"]
[White "Habibi, Ali"]
[Black "Cvitan, Ognjen"]
[Result "0-1"]
[WhiteElo "2222"]
[BlackElo "2481"]
[PlyCount "94"]
[EventDate "2019.03.10"]
[EventType "team-tourn"]
[EventRounds "9"]
[EventCountry "SUI"]
[SourceTitle "EXT 2020"]
[Source "ChessBase"]
[SourceDate "2019.10.17"]
[SourceVersion "1"]
[SourceVersionDate "2019.10.17"]
[SourceQuality "1"]
[WhiteTeam "Solothurn"]
[BlackTeam "Riehen"]
[WhiteTeamCountry "SUI"]
[BlackTeamCountry "SUI"]

1. c4 e6 2. Nf3 Nf6 3. g3 d5 4. Bg2 Be7 5. 0-0 0-0 6. Qc2 c5 7. d3 Nc6 8. a3 d4 9. Nbd2 e5 10. Qb1 a5 11. b3 h6 12. e4 Kh7 13. Ne1 g5 14. f3 Be6 15. Qc2 Qc7 16. Rf2 Bd6 17. Nf1 Rg8 18. Qd2 Rg6 19. g4 h5 20. h3 h4 21. Nc2 a4 22. b4 b5 23. cxb5 Na7 24. bxc5 Qxc5 25. b6 Qxb6 26. Qe1 Rc8 27. Nb4 Nb5 28. Rb2 Kg7 29. Kh1 Nd7 30. Nd5 Bxd5 31. exd5 Nc5 32. f4 exf4 33. Qb4 Nxd3 34. Qxb5 Qxb5 35. Rxb5 Nxc1 36. Be4 Rf6 37. Nd2 Ne2 38. Bd3 f3 39. Ne4 Ng3+ 40. Kg1 Nxe4 41. Bxe4 Bg3 42. Rf1 Rc3 43. d6 Bxd6 44. Rxg5+ Kf8 45. Rd5 Bxa3 46. g5 Rf4 47. Bb1 Bc5 0-1

[Event "Bodensee Seniors op"]
[Site "Bregenz"]
[Date "2019.06.01"]
[Round "7"]
[White "Habibi, Ali"]
[Black "Norman, Kenneth I"]
[Result "1/2-1/2"]
[WhiteElo "2219"]
[BlackElo "2114"]
[PlyCount "89"]
[EventDate "2019.05.26"]
[EventType "swiss"]
[EventRounds "7"]
[EventCountry "AUT"]
[SourceTitle "CBM 190 Extra"]
[Source "ChessBase"]
[SourceDate "2019.07.15"]
[SourceVersion "1"]
[SourceVersionDate "2019.07.15"]
[SourceQuality "1"]

1. a3 g6 2. c4 Bg7 3. e3 c5 4. Nf3 Nf6 5. d3 0-0 6. Be2 Nc6 7. Qc2 b6 8. 0-0 Bb7 9. Nbd2 d5 10. b3 e5 11. cxd5 Nxd5 12. Bb2 Rc8 13. Rfe1 Qd7 14. Rac1 Rfd8 15. Qb1 f6 16. Ba1 Kh8 17. Rc4 Ba6 18. Rh4 Nde7 19. Nc4 Nf5 20. Rh3 Kg8 21. Nfd2 Rc7 22. Ne4 Qe7 23. g4 Nh6 24. Rg3 Nf7 25. Qc2 Bb7 26. h4 Kh8 27. h5 gxh5 28. gxh5 f5 29. Ned2 Bf6 30. Nf3 Rcc8 31. Ncd2 Rg8 32. Bf1 Rxg3+ 33. fxg3 Rg8 34. Kf2 Nh6 35. Bh3 Qg7 36. Rg1 Ng4+ 37. Bxg4 fxg4 38. Ne1 e4 39. Bxf6 Qxf6+ 40. Ke2 exd3+ 41. Nxd3 Re8 42. Qb2 Nd4+ 43. Kd1 Rxe3 44. Nf4 Qe5 45. Nc4 1/2-1/2

[Event "Bodensee Seniors op"]
[Site "Bregenz"]
[Date "2019.05.26"]
[Round "1"]
[White "Habibi, Ali"]
[Black "Neumann, Horst"]
[Result "1-0"]
[WhiteElo "2219"]
[BlackElo "1824"]
[PlyCount "149"]
[EventDate "2019.05.26"]
[EventType "swiss"]
[EventRounds "7"]
[EventCountry "AUT"]
[SourceTitle "CBM 190 Extra"]
[Source "ChessBase"]
[SourceDate "2019.07.15"]
[SourceVersion "1"]
[SourceVersionDate "2019.07.15"]
[SourceQuality "1"]

1. c4 c6 2. Qc2 Nf6 3. d3 g6 4. e4 d6 5. Nf3 Bg7 6. Be2 0-0 7. 0-0 Bg4 8. Nc3 Nbd7 9. d4 Rc8 10. Be3 a6 11. a4 c5 12. d5 Bxf3 13. Bxf3 Ne5 14. Be2 Nfg4 15. Bd2 h5 16. h3 Nh6 17. Qc1 Kh7 18. f4 Nd7 19. f5 Ne5 20. Bg5 Ng8 21. g4 hxg4 22. hxg4 Nf6 23. Qf4 Rh8 24. Kg2 Qb6 25. Rh1+ Kg8 26. Bxf6 Rxh1 27. Rxh1 exf6 28. Rb1 Qb3 29. Qf1 Qc2 30. Kg3 Qd2 31. Qf4 Bh6 32. Qxd2 Bxd2 33. Nd1 Kg7 34. Nf2 Rh8 35. Nh3 g5 36. Rf1 Rh4 37. Rd1 Bb4 38. Nf4 Rh6 39. Ng2 Kf8 40. Ne3 Ke7 41. Nc2 Ba5 42. Rb1 Bd2 43. Kg2 Rh4 44. Rh1 Rxh1 45. Kxh1 Kd7 46. b3 Kc7 47. Kg2 Kb6 48. Kf1 Ka5 49. Kf2 Bc1 50. Ke1 Bf4 51. Kd1 Bg3 52. Kd2 Bf2 53. Kc3 Bg3 54. Kb2 Bf4 55. Ne1 Be3 56. Nc2 Bf4 57. Kc3 Bg3 58. Bd1 Bf2 59. Be2 Bg3 60. Ne3 Be1+ 61. Kb2 Bd2 62. Nf1 Bf4 63. Kc3 Bc1 64. Ng3 Be3 65. Nh5 Bd4+ 66. Kc2 Nd7 67. Ng7 b5 68. cxb5 axb5 69. Bxb5 Ne5 70. Be2 c4 71. Ne8 cxb3+ 72. Kxb3 Nd7 73. Nxd6 Ba7 74. Nc4+ Ka6 75. Ne5+ 1-0

[Event "Wch Seniors 50 28th"]
[Site "Bled"]
[Date "2018.11.27"]
[Round "9"]
[White "Cmiel, Thorsten"]
[Black "Habibi, Ali"]
[Result "1/2-1/2"]
[WhiteElo "2122"]
[BlackElo "2237"]
[PlyCount "189"]
[EventDate "2018.11.18"]
[EventType "swiss"]
[EventRounds "11"]
[EventCountry "SLO"]
[SourceTitle "CBM 187 Extra"]
[Source "ChessBase"]
[SourceDate "2018.11.04"]
[SourceVersion "1"]
[SourceVersionDate "2018.11.04"]
[SourceQuality "1"]

1. Nf3 c5 2. c4 Nf6 3. Nc3 a6 4. d4 cxd4 5. Nxd4 e6 6. e4 d6 7. Be2 Be7 8. 0-0 0-0 9. Be3 Nbd7 10. f3 Qc7 11. Qd2 b6 12. Rfc1 Bb7 13. a4 Rab8 14. b4 Rfc8 15. Nd1 Qd8 16. Nb3 Qf8 17. b5 a5 18. Nc3 Bd8 19. Rd1 Bc7 20. Qe1 Ba8 21. Kh1 h6 22. Rac1 Qe7 23. Bf1 Re8 24. Qg3 Nc5 25. Nxc5 dxc5 26. Qh4 Be5 27. Bf4 Qc7 28. Bxe5 Qxe5 29. Qg3 Qxg3 30. hxg3 Red8 31. Kg1 Kf8 32. Kf2 Ke7 33. Ke3 Nh5 34. g4 Nf6 35. Rxd8 Rxd8 36. Rd1 Nd7 37. Be2 e5 38. g3 Nf8 39. Rxd8 Kxd8 40. f4 Ke7 41. f5 Nd7 42. Nd1 Nf6 43. Nf2 Bb7 44. Bd1 g6 45. Be2 Ne8 46. Bd3 Nd6 47. Bf1 Kf6 48. Be2 h5 49. fxg6 fxg6 50. gxh5 gxh5 51. Bd3 Bc8 52. Nd1 Be6 53. Nb2 Bg4 54. Bf1 Kg5 55. Bd3 h4 56. gxh4+ Kxh4 57. Bc2 Be6 58. Bd3 Kg3 59. Bf1 Bf7 60. Be2 Kg2 61. Bf3+ Kg1 62. Be2 Be6 63. Bd3 Bg4 64. Bc2 Kf1 65. Bd3+ Kg2 66. Bc2 Bf3 67. Bd3 Kg3 68. Bc2 Bg2 69. Bd3 Ne8 70. Nd1 Nf6 71. Nc3 Bh3 72. Nd5 Nd7 73. Ne7 Bg4 74. Bc2 Be6 75. Bd3 Kg4 76. Nd5 Kg5 77. Be2 Bh3 78. Bd3 Bg4 79. Bf1 Kg6 80. Bg2 Kf7 81. Kd2 Be6 82. Ke3 Bxd5 83. exd5 Nf6 84. Bh3 Ke7 85. Bf1 Kd6 86. Bd3 Ke7 87. Bg6 Kd8 88. Kf3 Ke7 89. Ke3 Kd6 90. Kf3 Ke7 91. Ke3 Kd7 92. Kf3 Kd6 93. Ke3 Ng4+ 94. Kf3 Nh6 95. Ke3 1/2-1/2

[Event "Wch Seniors 50 28th"]
[Site "Bled"]
[Date "2018.11.19"]
[Round "2"]
[White "Habibi, Ali"]
[Black "Movsziszian, Karen"]
[Result "0-1"]
[WhiteElo "2237"]
[BlackElo "2513"]
[PlyCount "80"]
[EventDate "2018.11.18"]
[EventType "swiss"]
[EventRounds "11"]
[EventCountry "SLO"]
[SourceTitle "CBM 187 Extra"]
[Source "ChessBase"]
[SourceDate "2018.11.04"]
[SourceVersion "1"]
[SourceVersionDate "2018.11.04"]
[SourceQuality "1"]

1. c4 g6 2. Nf3 Bg7 3. d4 d6 4. Nc3 Nd7 5. e3 e5 6. Be2 Nh6 7. dxe5 dxe5 8. e4 0-0 9. 0-0 c6 10. h3 Qe7 11. Rb1 f5 12. b4 f4 13. c5 Kh8 14. Qd3 Nf7 15. Rd1 Nf6 16. Bb2 g5 17. Nh2 h5 18. f3 Be6 19. Qc2 Bh6 20. Rd2 Rg8 21. Qd1 Rg6 22. Rd6 Nxd6 23. cxd6 Qf8 24. Na4 Nd7 25. Nc5 Bg7 26. Qd2 b6 27. Nxe6 Rxe6 28. Rd1 Rd8 29. Bc4 Rg6 30. Qd3 b5 31. Bb3 Nb6 32. Qc2 Rgxd6 33. Rxd6 Qxd6 34. Nf1 Nd7 35. Kh2 g4 36. fxg4 hxg4 37. hxg4 Nf6 38. g5 Nh7 39. g6 Qxg6 40. Nd2 Qg3+ 0-1

[Event "Zuoz Engiadina op 25th"]
[Site "Zuoz"]
[Date "2018.10.06"]
[Round "1"]
[White "Habibi, Ali"]
[Black "Zindel, Ernst"]
[Result "1-0"]
[WhiteElo "2236"]
[BlackElo "1889"]
[PlyCount "81"]
[EventDate "2018.10.06"]
[EventType "swiss"]
[EventRounds "7"]
[EventCountry "SUI"]
[SourceTitle "CBM 186 Extra"]
[Source "ChessBase"]
[SourceDate "2018.08.24"]
[SourceVersion "1"]
[SourceVersionDate "2018.08.24"]
[SourceQuality "1"]

1. c4 e5 2. g3 Nf6 3. Bg2 d5 4. cxd5 Nxd5 5. Nc3 Nb6 6. Nf3 Nc6 7. 0-0 Be6 8. d3 Be7 9. a4 0-0 10. a5 Nd5 11. a6 bxa6 12. Rxa6 Ncb4 13. Ra1 f6 14. d4 exd4 15. Nxd4 Bf7 16. Nf5 c6 17. e4 Nb6 18. Qg4 Bg6 19. Rd1 Qe8 20. Bf4 Bxf5 21. exf5 Qf7 22. Rd2 N4d5 23. Bh6 Rfd8 24. Re2 Kf8 25. Bxg7+ Qxg7 26. Qxg7+ Kxg7 27. Nxd5 Nxd5 28. Bxd5 cxd5 29. Rxe7+ Kg8 30. Raxa7 Rxa7 31. Rxa7 Rb8 32. Rd7 Rxb2 33. Rxd5 h5 34. Kg2 Kg7 35. Rd7+ Kh6 36. Rd8 Kg5 37. Rh8 Ra2 38. h4+ Kg4 39. Rh6 Kxf5 40. Rxh5+ Kg6 41. g4 1-0

[Event "Eger Agria op 41th"]
[Site "Eger"]
[Date "2017.07.20"]
[Round "5"]
[White "Habibi, Ali"]
[Black "Czebe, Attila"]
[Result "0-1"]
[WhiteElo "2233"]
[BlackElo "2468"]
[PlyCount "86"]
[EventDate "2017.07.17"]
[EventType "swiss"]
[EventRounds "9"]
[EventCountry "HUN"]
[SourceTitle "EXT 2020"]
[Source "ChessBase"]
[SourceDate "2019.10.17"]
[SourceVersion "1"]
[SourceVersionDate "2019.10.17"]
[SourceQuality "1"]

1. c4 b6 2. Nf3 Bb7 3. e3 g6 4. Nc3 Bg7 5. d4 Nf6 6. Be2 0-0 7. 0-0 d6 8. Qc2 Nfd7 9. Rb1 e5 10. dxe5 Nxe5 11. Nd5 a5 12. b3 Na6 13. a3 Nc5 14. Rd1 c6 15. Nf4 Qe7 16. Bb2 Bc8 17. Nd4 Bb7 18. Rd2 Ne6 19. Rbd1 Rfd8 20. Nfxe6 fxe6 21. f4 Nd7 22. Bf3 Rac8 23. Bg4 Nf8 24. b4 axb4 25. axb4 d5 26. Qb3 Ra8 27. Bf3 c5 28. bxc5 bxc5 29. Nc2 Rdb8 30. Bxg7 Qxg7 31. Qd3 Ra4 32. e4 d4 33. Qb3 Raa8 34. Qd3 Bc6 35. e5 Bxf3 36. Qxf3 Qb7 37. Ne1 Ra4 38. Rc1 Qa6 39. Nd3 Nd7 40. Qd1 Rb6 41. Nf2 Qb7 42. Re2 Kg7 43. Ne4 d3 0-1

[Event "Eger Agria op 41th"]
[Site "Eger"]
[Date "2017.07.18"]
[Round "3"]
[White "Habibi, Ali"]
[Black "Molnar, Erno"]
[Result "1/2-1/2"]
[WhiteElo "2233"]
[BlackElo "2121"]
[PlyCount "142"]
[EventDate "2017.07.17"]
[EventType "swiss"]
[EventRounds "9"]
[EventCountry "HUN"]
[SourceTitle "EXT 2020"]
[Source "ChessBase"]
[SourceDate "2019.10.17"]
[SourceVersion "1"]
[SourceVersionDate "2019.10.17"]
[SourceQuality "1"]

1. g3 e5 2. c4 Nf6 3. Bg2 Nc6 4. Nc3 Bb4 5. Nd5 Bc5 6. e3 d6 7. Ne2 Nxd5 8. cxd5 Ne7 9. d4 exd4 10. Nxd4 0-0 11. 0-0 Ng6 12. f4 Qf6 13. Nb3 Bb6 14. Kh1 Bd7 15. Qd3 a6 16. a4 Rae8 17. e4 Re7 18. Bd2 Ree8 19. Bc3 Qd8 20. Rfe1 Re7 21. Nd4 Rfe8 22. b3 Qc8 23. a5 Ba7 24. Rac1 f6 25. Bb4 Qd8 26. Qc3 Bxd4 27. Qxd4 Qb8 28. Qc3 Bc8 29. Ba3 Bg4 30. h3 Bc8 31. Kh2 Qa7 32. Re2 Bd7 33. Re3 Bb5 34. Rce1 Kh8 35. Bf3 Kg8 36. h4 Nf8 37. Kg1 h6 38. Bg2 Qb8 39. Rc1 Qa7 40. Qd2 Qb8 41. Bf3 Rf7 42. Qd4 Ree7 43. Kg2 Kh8 44. Ree1 Re8 45. g4 Kg8 46. Kg3 Kh8 47. Qd2 Nh7 48. Qc2 c5 49. dxc6 bxc6 50. Qd2 Rd7 51. Rcd1 Red8 52. Qe3 d5 53. exd5 cxd5 54. Bc5 Ng5 55. Rd2 Re8 56. Qf2 Ne6 57. Bg2 d4 58. Bxd4 Red8 59. Be3 Rxd2 60. Bxd2 Qd6 61. Bc1 Nd4 62. Re3 f5 63. Re5 fxg4 64. Bb2 Ne2+ 65. Rxe2 Bxe2 66. Be5 Qd3+ 67. Kh2 Bf3 68. Qb6 Bxg2 69. Qxh6+ Qh7 70. Bxg7+ Kg8 71. Qe6+ Kxg7 1/2-1/2

[Event "Eger Agria op 41th"]
[Site "Eger"]
[Date "2017.07.17"]
[Round "1"]
[White "Habibi, Ali"]
[Black "Muranyi, Peter"]
[Result "1-0"]
[WhiteElo "2233"]
[BlackElo "1747"]
[PlyCount "69"]
[EventDate "2017.07.17"]
[EventType "swiss"]
[EventRounds "9"]
[EventCountry "HUN"]
[SourceTitle "EXT 2020"]
[Source "ChessBase"]
[SourceDate "2019.10.17"]
[SourceVersion "1"]
[SourceVersionDate "2019.10.17"]
[SourceQuality "1"]

1. b3 e5 2. Bb2 Nc6 3. c4 d6 4. g3 f5 5. d3 Nf6 6. Nf3 Be7 7. Nc3 0-0 8. Bg2 h6 9. a3 a5 10. e3 Be6 11. d4 e4 12. Nd2 Bf7 13. Qc2 Nd7 14. 0-0 Bg6 15. Nd5 Nb6 16. Nf4 Bf7 17. d5 Ne5 18. b4 Nbd7 19. Rfd1 Bf6 20. Nb3 axb4 21. axb4 Rxa1 22. Rxa1 g5 23. Ne2 Nd3 24. Bxf6 Qxf6 25. Nbd4 Nb6 26. Qc3 Rc8 27. f3 Qe5 28. fxe4 fxe4 29. Rf1 c5 30. dxc6 bxc6 31. Rf5 Qe7 32. Rf1 Nxc4 33. Nf5 Qe5 34. Qxe5 Ndxe5 35. Ne7+ 1-0

[Event "Wch Seniors 50 26th"]
[Site "Marianske Lazne"]
[Date "2016.11.22"]
[Round "4"]
[White "Yasin, Hur"]
[Black "Habibi, Ali"]
[Result "0-1"]
[WhiteElo "2075"]
[BlackElo "2225"]
[PlyCount "130"]
[EventDate "2016.11.19"]
[EventType "swiss"]
[EventRounds "11"]
[EventCountry "CZE"]
[SourceTitle "CBM 175 Extra"]
[Source "ChessBase"]
[SourceDate "2016.12.12"]
[SourceVersion "1"]
[SourceVersionDate "2016.12.12"]
[SourceQuality "1"]

1. e4 c5 2. Nf3 e6 3. d4 cxd4 4. Nxd4 a6 5. c4 Qc7 6. Bd3 d6 7. 0-0 Nf6 8. Qe2 Be7 9. b3 b6 10. Bb2 Bb7 11. Nd2 Nbd7 12. Rac1 0-0 13. f4 Rac8 14. Rce1 g6 15. Bb1 e5 16. Nc2 Nh5 17. g3 Bf6 18. f5 Bg7 19. Ne3 Qc5 20. Kh1 Ndf6 21. Ng2 g5 22. Bd3 Bh6 23. Nb1 b5 24. Nc3 bxc4 25. Bxc4 Qb6 26. Rd1 Rfd8 27. Nd5 Bxd5 28. Bxd5 g4 29. Bc4 Rc6 30. Rd3 Rdc8 31. Rfd1 Ng7 32. Bc3 Nge8 33. Be1 Bg5 34. Bf2 Qb4 35. Be3 Bxe3 36. Nxe3 h5 37. Nd5 Nxd5 38. Bxd5 Rc3 39. Bc4 Rxd3 40. Qxd3 Kf8 41. f6 Nxf6 42. Rf1 Ke7 43. Qe3 Qb7 44. Bd3 Rg8 45. Qf2 Rg6 46. Qf5 Qc6 47. Rf2 Qc3 48. Bc4 h4 49. Rf1 Qe3 50. Bd5 Qd3 51. Bc4 Qc2 52. gxh4 a5 53. h5 Rh6 54. Bd5 Qd3 55. Kg2 Qh3+ 56. Kg1 Qxh5 57. Qf2 g3 58. Qa7+ Kf8 59. h4 Nxd5 60. exd5 Kg7 61. Qe7 g2 62. Kxg2 Qe2+ 63. Rf2 Rg6+ 64. Qg5 Rxg5+ 65. hxg5 Qe4+ 0-1

[Event "SUI-chT"]
[Site "Switzerland"]
[Date "2016.10.09"]
[Round "9.5"]
[White "Habibi, Ali"]
[Black "Antognini, Francesco"]
[Result "1/2-1/2"]
[WhiteElo "2236"]
[BlackElo "2264"]
[PlyCount "66"]
[EventDate "2016.03.20"]
[EventType "team-tourn"]
[EventRounds "9"]
[EventCountry "SUI"]
[SourceTitle "EXT 2017"]
[Source "ChessBase"]
[SourceDate "2016.10.25"]
[SourceVersion "1"]
[SourceVersionDate "2016.10.25"]
[SourceQuality "1"]
[WhiteTeam "Solothurn"]
[BlackTeam "Reti"]
[WhiteTeamCountry "SUI"]
[BlackTeamCountry "SUI"]

1. g3 d5 2. Nf3 Nf6 3. Bg2 c6 4. d3 Bg4 5. Nbd2 Nbd7 6. 0-0 e5 7. e4 dxe4 8. dxe4 Be7 9. h3 Bh5 10. Qe1 0-0 11. Nh4 Re8 12. Nf5 Bf8 13. Nc4 Qc7 14. f3 b5 15. Nce3 Nc5 16. b3 Ne6 17. Kh2 Nd7 18. Bb2 f6 19. Rf2 Bf7 20. Rd2 Nb6 21. Rad1 Red8 22. Ng4 Rxd2 23. Rxd2 Rd8 24. h4 Bg6 25. Nge3 Bf7 26. Ng4 Bg6 27. Nge3 Bf7 28. Nf1 g6 29. N5e3 h5 30. Qd1 a5 31. Rd3 Bc5 32. Bh3 Rxd3 33. Qxd3 Qd6 1/2-1/2

[Event "Eger Agria op 40th"]
[Site "Eger"]
[Date "2016.07.21"]
[Round "5"]
[White "Habibi, Ali"]
[Black "Joba, Arpad"]
[Result "1-0"]
[WhiteElo "2229"]
[BlackElo "1980"]
[PlyCount "91"]
[EventDate "2016.07.18"]
[EventType "swiss"]
[EventRounds "8"]
[EventCountry "HUN"]
[SourceTitle "EXT 2020"]
[Source "ChessBase"]
[SourceDate "2019.10.17"]
[SourceVersion "1"]
[SourceVersionDate "2019.10.17"]
[SourceQuality "1"]

1. Nf3 Nf6 2. g3 g6 3. Bg2 Bg7 4. 0-0 0-0 5. d3 d6 6. c3 c5 7. Qa4 Bd7 8. Qh4 Bc6 9. h3 Nbd7 10. Bh6 b5 11. Nbd2 a5 12. e4 b4 13. Ng5 Nh5 14. Bxg7 Kxg7 15. g4 Nhf6 16. f4 h6 17. Ngf3 bxc3 18. bxc3 a4 19. Nc4 Bb5 20. Nfd2 Rb8 21. Rf2 Nb6 22. Raf1 Bxc4 23. dxc4 Nfd7 24. Qg3 e5 25. f5 Qc7 26. h4 Qb7 27. Bf3 g5 28. Rh2 Rh8 29. Bd1 f6 30. Qd3 Qc6 31. Nb1 Nxc4 32. hxg5 fxg5 33. Qxc4 Rxb1 34. Qe6 Nf6 35. Qe7+ Kg8 36. Qxf6 Qxe4 37. Qg6+ Kf8 38. Qxd6+ Kg8 39. Qd8+ Kf7 40. Qc7+ Kg8 41. Qc8+ Kf7 42. Qd7+ Kf8 43. Qd2 a3 44. f6 Rb2 45. Qd8+ Kf7 46. Qe7+ 1-0

[Event "SUI-chT"]
[Site "Switzerland"]
[Date "2016.06.12"]
[Round "5.5"]
[White "Habibi, Ali"]
[Black "Kurmann, Oliver"]
[Result "0-1"]
[WhiteElo "2236"]
[BlackElo "2426"]
[PlyCount "152"]
[EventDate "2016.03.20"]
[EventType "team-tourn"]
[EventRounds "9"]
[EventCountry "SUI"]
[SourceTitle "EXT 2017"]
[Source "ChessBase"]
[SourceDate "2016.10.25"]
[SourceVersion "1"]
[SourceVersionDate "2016.10.25"]
[SourceQuality "1"]
[WhiteTeam "Solothurn"]
[BlackTeam "Luzern"]
[WhiteTeamCountry "SUI"]
[BlackTeamCountry "SUI"]

1. g3 Nf6 2. Bg2 d5 3. Nf3 c6 4. d3 Bg4 5. Nbd2 Nbd7 6. 0-0 e5 7. e4 Bd6 8. Qe1 0-0 9. h3 Bh5 10. Nh4 Re8 11. Nf5 Bf8 12. Nb3 a5 13. a4 Qc7 14. Bd2 b6 15. Ne3 dxe4 16. dxe4 Nb8 17. Nc4 Nfd7 18. f4 f6 19. fxe5 fxe5 20. Be3 Na6 21. g4 Bg6 22. h4 Nac5 23. h5 Bf7 24. Nbd2 Nf6 25. Bf3 b5 26. axb5 cxb5 27. Na3 b4 28. Nac4 h6 29. Qe2 Ne6 30. Qh2 Bc5 31. Kh1 Nd4 32. Bd1 Nxe4 33. Bxd4 Bxd4 34. Bf3 Nf6 35. Qg2 Ra7 36. Bc6 Rc8 37. Rxf6 gxf6 38. Bd5 Ra6 39. Rf1 Bxd5 40. Qxd5+ Kg7 41. Qg2 a4 42. Rf3 Bxb2 43. g5 hxg5 44. Nxb2 Qxc2 45. Nd3 Qd1+ 46. Rf1 Qxh5+ 47. Kg1 Rb6 48. Ne4 Rc4 49. Nb2 Rd4 50. Nxa4 Rc6 51. Ng3 Qg4 52. Nf5+ Kh7 53. Nxd4 Qxd4+ 54. Kh1 Qh4+ 55. Qh2 Qxh2+ 56. Kxh2 Kg6 57. Rb1 Rc4 58. Nb6 Rd4 59. Nc8 Kf7 60. Na7 Rc4 61. Nb5 Ke6 62. Rd1 e4 63. Kg3 f5 64. Rd6+ Ke5 65. Rb6 b3 66. Nd6 Rc3+ 67. Kf2 f4 68. Nf7+ Kd5 69. Nxg5 Rc2+ 70. Ke1 b2 71. Rb5+ Kc4 72. Rxb2 Rxb2 73. Nxe4 Kd4 74. Nf2 Ra2 75. Ng4 Ke4 76. Nf6+ Kf3 0-1